Library Banner

Osmanlı belgelerinde Birinci Dünya Harbi = The First World War in Ottoman documents / (Record no. 100148)

MARC details
000 -LEADER
fixed length control field 00519nam a22001457a 4500
005 - DATE AND TIME OF LATEST TRANSACTION
control field 20171121100414.0
008 - FIXED-LENGTH DATA ELEMENTS--GENERAL INFORMATION
fixed length control field 171121b xxu||||| |||| 00| 0 eng d
040 ## - CATALOGING SOURCE
Transcribing agency PK-LaUMT
082 ## - DEWEY DECIMAL CLASSIFICATION NUMBER
Classification number TRC 956.1
Item number UGU-O
100 ## - MAIN ENTRY--PERSONAL NAME
Personal name Uğur Ünal
245 ## - TITLE STATEMENT
Title Osmanlı belgelerinde Birinci Dünya Harbi = The First World War in Ottoman documents /
Statement of responsibility, etc Uğur Ünal
260 ## - PUBLICATION, DISTRIBUTION, ETC. (IMPRINT)
Place of publication, distribution, etc Istanbul :
Name of publisher, distributor, etc T.C. Başbakanlık Devlet Arşivleri Genel Müdürlüğü, Osmanlı Arşivi Daire Başkanlığı,
Date of publication, distribution, etc 2015
300 ## - PHYSICAL DESCRIPTION
Extent 2 vols.
942 ## - ADDED ENTRY ELEMENTS (KOHA)
Koha item type Turkish Collection
Holdings
Withdrawn status Lost status Damaged status Home library Current library Date acquired Full call number Barcode Date last seen Copy number Price effective from Koha item type
      UMT Main Campus UMT Main Campus 2017-11-21 TRC 956.1 UGU-O 116042 2017-11-21 V.1 2017-11-21 Books
      UMT Main Campus UMT Main Campus 2017-11-21 TRC 956.1 UGU-O 116043 2017-11-21 V.2 2017-11-21 Turkish Collection